Sejarah PMR tingkatan 1.2.3

Bibliographic Details
Main Author: Yew Chee Wai
Format: Book
Published: Petaling Jaya : Sasbadi Sdn. Bhd. , 1996
Subjects:

MARC

LEADER 00000cam a2200000 7i4500
001 0000007276
002 000007827
005 20000330.0
020 |a 983029496X 
090 0 0 |a 959.509   |b YEW 
100 0 |a Yew Chee Wai 
245 1 0 |a Sejarah PMR tingkatan 1.2.3   |c Yew Chee Wai 
260 |a Petaling Jaya :   |b Sasbadi Sdn. Bhd. ,   |c 1996 
300 |a 320p. ;   |c 15cm. 
650 0 0 |a History   |x PMR 
999 |a 052033   |b BUKU   |c RUJUKAN   |e PERPUSTAKAAN KOMUNITI PETALING JAYA 
999 |a 052034   |b BUKU   |c RUJUKAN   |e PERPUSTAKAAN KOMUNITI PETALING JAYA 
999 |a 052035   |b BUKU   |c RUJUKAN   |e PERPUSTAKAAN KOMUNITI PETALING JAYA 
999 |a 054859   |b BUKU   |c PINJAMAN   |e PERPUSTAKAAN KOMUNITI CAW KOTA DAMANSARA 
999 |a 054860   |b BUKU   |c PINJAMAN   |e PERPUSTAKAAN KOMUNITI CAW KOTA DAMANSARA